New dimensions of security challenges in South Asia: Diagnosis and prognosis (Record no. 159938)

MARC details
000 -LEADER
fixed length control field 00417nam a2200145Ia 4500
008 - FIXED-LENGTH DATA ELEMENTS--GENERAL INFORMATION
fixed length control field 230917s9999||||xx |||||||||||||| ||und||
040 ## - CATALOGING SOURCE
-- 198332
Original cataloging agency VIVEKANANDA LIBRARY
041 ## - Language
-- English
082 ## - DDC NUMBER
Classification number 327.116 N42N
100 ## - MAIN ENTRY--PERSONAL NAME
Personal name Arora, V N, ed.
245 #0 - TITLE STATEMENT
Title New dimensions of security challenges in South Asia: Diagnosis and prognosis
260 ## - PUBLICATION, DISTRIBUTION, ETC. (IMPRINT)
Place of publication, distribution, etc New Delhi
Name of publisher, distributor, etc Mohit Publications
Date of publication, distribution, etc 2012
300 ## - PHYSICAL DESCRIPTION
Pages viii, 359 p.
942 ## - ADDED ENTRY ELEMENTS (KOHA)
Koha item type Books
Holdings
Withdrawn status Lost status Damaged status Not for loan Location (home branch) Sublocation or collection (holding branch) Date acquired Koha issues (times borrowed) Koha full call number Accession No. Koha date last seen Koha item type
        VIVEKANANDA LIBRARY VIVEKANANDA LIBRARY 24/08/2012   327.116 N42N 293250 17/09/2023 Books
        VIVEKANANDA LIBRARY VIVEKANANDA LIBRARY 24/08/2012   327.116 N42N 316849 17/09/2023 Books
        VIVEKANANDA LIBRARY VIVEKANANDA LIBRARY 24/08/2012   327.116 N42N 319760 17/09/2023 Books
© Designed and Maintained by Vivekananda Library, MDU Rohtak